000 01164nam a2200313 c 4500
003 BLK
005 20241123100153.0
008 180408b bul|||||r ||||||| ||bul||
010 _aKNG00057768000
040 _aBLK
041 _aBUL
_cBUL
080 _aАмериканска литература (на САЩ)
_b821.111(73)
_x-31
_z821.111(73)-31
100 1 _aШоу, Ъруин
_eпърви автор
_9242605
700 1 _aКръстев, Валентин
_eпрев. от англ.
_9363643
139 _aШоу, Ъруин
_bШ 88
245 1 0 _aЛуси Краун
_bРоман
_cЪруин Шоу; прев. от англ. Валентин Кръстев.
257 _aUSA
260 София
_bНар. младеж
_c1990
_fСофия : Д. Благоев
300 _a304 с.
_c20 см
380 _aX
490 1 _aМладежка библиотека Меридиани
_v126
500 _aОриг. загл. Lucy Crown / Irwin Shaw
852 _aЦб 162582
856 4 _qpdf
_u
856 4 _qpdf
_u
942 _cKNG
_n0
_07
944 _aCR
_c23.01.2006
_k30531
_lЦветелина Шанова
944 _aED
_c11.12.2007
_k
999 _c53826
_d53826